000 02160nam a22002657a 4500
005 20240305165542.0
007 cr|||| ||||
008 200302s2019 es |||||s|||| 00||0 spa d
020 _a978-84-121260-7-5
035 _a31122
040 _avLex
090 _c10151
_d10151
100 1 _aCalderón Tello, Lyonel
245 1 2 _aEl delito culposo o imprudente en Derecho penal y su regulación en el COI
_h[Recurso electrónico] /
_cLyonel Calderón Tello
256 _aServicio en línea
260 _aBarcelona:
_bJ.M. Bosch Editor,
_c2019
300 _a1 recurso electrónico
500 _aEn este trabajo, se adopta una postura que explica que el tipo objetivo del delito imprudente no difiere en absoluto respecto del tipo objetivo del delito doloso y, por tanto, su diferenciación está en el lado subjetivo del tipo. La primera consecuencia relevante sería que la imputación objetiva y sus subinstitutos dogmáticos rigen de igual modo en ambas modalidades. Para construir nuestra postura hemos partido del par normativo-intelectivo conocimiento/no conocimiento relevante jurídico- penalmente. Además, hemos propuesto una normativización de las especies de culpa que las entienda no como consciente/inconsciente, sino como previsible/no previsible. Por último, se aborda la cuestión de la gravedad de la culpa y aunque se señala que aquella no agrega nada al problema de la determinación de la imprudencia, como el legislador (en algunos supuestos) la ha previsto, es necesario dar una fundamentación penal de aquella sobre todo para lograr encajar su ubicación sistemática.
506 1 _aDisponible solo en los productos indicados”
_dvLex Global
_dvLex Global (Academic Edition, excluding Law Schools)
_dvLex Global (U.S. Academic Edition, Law Schools)
_dvLex Global (U.S. Academic Edition, excluding Law Schools)
_dvLex Global (Academic Edition, Law Schools)
650 0 4 _aDerecho Penal
_zEspaña
650 0 4 _aProcedimiento Penal
_zEspaña
740 0 _avLex Libros (Servicio en línea)
856 4 0 _uhttps://app.vlex.com/#/sources/delito-culposo-o-imprudente-en-derecho-penal-y-su-regulacion-en-el-coip-31122
942 _cRAA
999 _c168387
_d168387